000 nam a22 a 4500
999 _c418706
_d418706
003 BLK
005 20211124125718.0
008 210609b bul|||||r ||||||| j|bul||
020 _a9786191866083
040 _aBLK
041 _aBUL
_cBUL
080 _aБългарска литература
_b821.163.2
_x-32
_z821.163.2-32
100 1 _aГачев, Димитър Рангелов
_eпърви автор
_9302937
139 _aГачев, Димитър Рангелов
_bГ 25
245 1 0 _aУудсток в градината : разкази
_cДимитър Рангелов Гачев.
257 _aBGR
260 _bЖанет 45
_c2020
_9209682
_aПловдив
300 _a181 с.
_c20 см
380 _aX
852 _aЦб 307623
942 _cKNG
_n0
_s1
_01
944 _aCR
_c2021-06-09
_kВР